Statystyki dla Państwa, które są takie same w języku niemieckim i polskim

Kliknij tutaj aby rozwiązać quiz!

Ogólne statystyki

  • Ten quiz został rozwiązany 183 razy
    (63 od ostatniego zresetowania)
  • Średni wynik to 24 z 60

Odpowiedzi na mapie

Odpowiedzi skodowane kolorowo w zielono-czerwonej skali na mapie do tego quizu, zgodnie z poniższymi procentami.
Ładowanie ...
 

Statystyki odpowiedzi

Kraj% Poprawnych
Kanada
79%
Chile
70%
Peru
67%
Kuba
65%
Iran
61%
Oman
56%
Niger
56%
Irak
54%
Jemen
53%
Haiti
53%
Sudan
53%
Nigeria
53%
Nepal
53%
Panama
47%
Angola
47%
Madagaskar
46%
Bhutan
46%
Mali
46%
Togo
44%
Somalia
42%
Belize
42%
Benin
42%
Namibia
40%
Pakistan
40%
Lesotho
40%
Laos
39%
Malta
39%
Senegal
39%
Kongo
39%
Kenia
37%
Singapur
37%
Honduras
37%
San Marino
37%
Burundi
37%
Uganda
37%
Katar
35%
Liechtenstein
35%
Nauru
33%
Eswatini
33%
Ghana
33%
Palau
33%
Botswana
33%
Brunei
33%
Tuvalu
33%
Gambia
32%
Burkina Faso
32%
Sri Lanka
32%
Tonga
32%
Barbados
30%
Malawi
30%
Mauritius
28%
Samoa
28%
Saint Lucia
28%
Sierra Leone
26%
Liberia
26%
Kiribati
26%
Vanuatu
26%
Turkmenistan
21%
Grenada
19%
Kamerun
18%

Rozkład punktacji

Percentyl według liczby udzielonych odpowiedzi

Procent ludzi z każdym wynikiem

Twoja historia wyników

Nie rozwiązałeś tego quizu od ostatniego zresetowania